000 00606cam a22002173a 4500
001 39100
003 PGUSA
005 20140828083851.0
008 120311s2012||||xxu|||||s|||||000 | eng d
040 _aPGUSA
_beng
042 _adc
100 1 _aNorway, Arthur H.
245 1 0 _aNaples Past and Present
_h[electronic resource] /
_cArthur H. Norway
260 _bProject Gutenberg,
_c2012
506 _aPublic domain in the USA.
516 _aElectronic text
700 1 _aGrieffenhagen, Maurice
830 0 _aProject Gutenberg
_v39100
856 4 0 _uhttp://www.gutenberg.org/ebooks/39100
942 _cEB
999 _c268353
_d268353